| 000 | 00787nam a2200277 a 4500 | ||
|---|---|---|---|
| 003 | AR-BaBNM | ||
| 005 | 20251128202847.0 | ||
| 008 | 082120s2002 ||||||||||||||000 | spa|| | ||
| 020 | _a84-348-0820-X | ||
| 040 | _cAR-BaBNM | ||
| 100 | 1 | _aPreussler, Otfried | |
| 245 | 0 | 0 | _aLas aventuras de Vania el forzudo |
| 250 | _a9ª ed. | ||
| 260 |
_aMadrid _bEdiciones S.M. _c1987 |
||
| 300 |
_a188 p. _bil. |
||
| 490 | 0 |
_aEl barco de vapor _vv. 1 |
|
| 500 | _aRecomendado a partir de 9 años | ||
| 500 | _aDeclarado Libro de interés infantil por el Ministerio de Cultura español 1980 | ||
| 650 | 4 | _aLITERATURA INFANTIL | |
| 650 | 4 | _aLIBROS PARA NIÑOS | |
| 650 | 4 | _aCUENTOS DE AVENTURAS | |
| 650 | 4 | _aCUENTOS DE ANIMALES | |
| 655 | _aLITERATURA | ||
| 942 | _cBK | ||
| 998 | _claura | ||
| 999 |
_c926 _d926 |
||